Brief calculus and

Bibliographic Details
Main Author: Goldstein, Larry J.
Format: Section = Libro
Language:Undetermined
Spanish
Published: United States Pearson Prentice Hall 2007
Edition:11a.ed.
Subjects:
LEADER 00594nam a2200229Ia 4500
008 240829s9999 xx 000 0 und d
020 |a 0-13-191965-2 
040 |a BIBLIOTECA-RUSB/ 515 C144b 
041 |a spa 
082 |a 515 C144b 
100 1 |a Goldstein, Larry J. 
245 1 0 |a Brief calculus and 
250 |a 11a.ed. 
260 |a United States  |b Pearson Prentice Hall  |c 2007 
300 |a 521 p. :il. 
650 7 |a CALCULO 
650 7 |b  DERIVADAS MATEMATICAS 
650 7 |c  FUNCIONES EXPONENCIALES 
650 7 |d  FUNCIONES TRIGONOMETRICAS 
942 |c BK  |2 ddc 
991 |a TEXTO 
999 |c 1568